বিষয়বস্তু এড়িয়ে যান

Русская икона. В 4-х томах. Том 1 Т. 1 Русская икона. В 4-х томах. Том 1

Классическое произведение, относящееся к общественному достоянию.

সংরক্ষণ করুন:
গ্রন্থ-পঞ্জীর বিবরন
প্রধান লেখক: Кондаков Н. П.
বিন্যাস: Книга
ভাষা:Russian
প্রকাশিত: Санкт-Петербург Лань 2013
বিষয়গুলি:
অনলাইন ব্যবহার করুন:http://e.lanbook.com/books/element.php?pl1_cid=25&pl1_id=32068
https://e.lanbook.com/img/cover/book/32068.jpg
ট্যাগগুলো: ট্যাগ যুক্ত করুন
কোনো ট্যাগ নেই, প্রথমজন হিসাবে ট্যাগ করুন!
LEADER 01134nam0a2200253 i 4500
001 32068
003 RuSpLAN
005 20221220173915.0
008 221220s2013 ru gs 000 0 rus
020 |a 978-5-507-31064-7 
040 |a RuSpLAN 
041 0 |a rus 
044 |a ru 
245 1 |a Русская икона. В 4-х томах. Том 1  |c Кондаков Н. П.   |n Т. 1  |p Русская икона. В 4-х томах. Том 1 
260 |a Санкт-Петербург  |b Лань  |c 2013 
300 |a 73 с. 
504 |a Библиогр.: доступна в карточке книги, на сайте ЭБС Лань 
520 8 |a Классическое произведение, относящееся к общественному достоянию. 
521 8 |a Книга из коллекции Лань - Искусствоведение 
653 0 |a искусствоведение 
100 1 |a Кондаков Н. П. 
856 4 |u http://e.lanbook.com/books/element.php?pl1_cid=25&pl1_id=32068 
856 4 8 |u https://e.lanbook.com/img/cover/book/32068.jpg 
953 |a https://e.lanbook.com/img/cover/book/32068.jpg